<?xml version="1.0" encoding="UTF-8"?>
<collection xmlns="http://www.loc.gov/MARC21/slim">
  <record>
    <leader>00000nam  2200000   4500</leader>
    <controlfield tag="001">INLIS000000000019367</controlfield>
    <controlfield tag="005">20250218104302</controlfield>
    <datafield tag="035" ind1="#" ind2="#">
      <subfield code="a">0010-0225000324</subfield>
    </datafield>
    <controlfield tag="007">ta</controlfield>
    <controlfield tag="008">250218################g##########0#ind##</controlfield>
    <datafield tag="100" ind1=" " ind2="#">
      <subfield code="a">Raja Bambang Sutikno</subfield>
    </datafield>
    <datafield tag="245" ind1="1" ind2="#">
      <subfield code="a">HR Division, Its Scope of Works: Personnel Administration + Training dan Development+ General Affairs /</subfield>
      <subfield code="c">Raja Bambang Sutikno</subfield>
    </datafield>
    <datafield tag="260" ind1="#" ind2="#">
      <subfield code="a">Klaten :</subfield>
      <subfield code="b">Deepublish,</subfield>
      <subfield code="c">2018</subfield>
    </datafield>
    <datafield tag="300" ind1="#" ind2="#">
      <subfield code="a">xxviii, 300 hlm ;</subfield>
      <subfield code="c">4.2 MB</subfield>
    </datafield>
    <datafield tag="650" ind1="#" ind2="4">
      <subfield code="a">Sumber Daya Manusia</subfield>
    </datafield>
    <datafield tag="650" ind1="#" ind2="4">
      <subfield code="a">Manajemen Personalia</subfield>
    </datafield>
    <datafield tag="020" ind1="#" ind2="#">
      <subfield code="a">978-602-453-955-9</subfield>
    </datafield>
    <datafield tag="082" ind1="#" ind2="#">
      <subfield code="a">658.3</subfield>
    </datafield>
    <datafield tag="084" ind1="#" ind2="#">
      <subfield code="a">658.3 RAJ h</subfield>
    </datafield>
    <datafield tag="520" ind1="#" ind2="#">
      <subfield code="a">ahun 1981 saya mendirikan Yayasan Pendidikan ‘OborCipta, People Development Consulting’ yang sudah menyelenggarakan tidak kurang dari 100 ‘public training’ dan ‘in-house training’ di Jakarta dan di beberapa kota lain di Indonesia. Saya juga mendirikan The British Course (Kursus Bahasa Asing) yang sudah mengajarkan, terutama &#13;
bahasa Inggris, kepada tak kurang dari 1000 orang sejak berdirinya. &#13;
Semoga adik-adik generasi muda dapat menjadikan buku ini sebagai inspirasi dan motivasi positif untuk berkarya lebih baik dari pada saya. Kalau ditanya kenapa saya suka meloncat-loncat dari satu perusahaan ke perusahaan lain, maka saya akan menjawab, “saya senang &#13;
memberikan training dan juga menulis, naah dengan berpengalaman pada banyak perusahaan saya mendapatkan banyak sumber materi raining serta materi untuk menulis buku. Setiap orang memiliki cita-cita dan passion sendiri.” The last but not the least, buku ini saya gubah sedikit sekali dipengaruhi oleh referensi buku-buku yang penuh &#13;
dengan teori-teori yang aduhai banyaknya. Isi buku ini hampir semuanya terdiri dari tumpukan pengalaman kerja saya selama kira-kira 35 tahun. Jadi, pembaca akan menemukan kisah pengalaman yang dilakoni langsung oleh human resources professional, namun hal-hal tersebut sebagian besar tidak pernah diajarkan baik di bangku kuliah &#13;
maupun di buku-buku ilmiah karangan penulis-penulis tersohor. Naskah ini melengkapi sebagian besar buku-buku tentang HRD yang ditulis oleh para ilmuwan, akademisi yang sarat dengan teori-teori. Inilah satu dari sedikit buku tentang HRD yang dilahirkan langsung dari tangan dan pemikiran praktisi dengan puluhan tahun masa kerja. &#13;
Untuk Anda semua, saya persembahkan buku ini dengan keihklasan seratus persen semoga pembaca memperoleh kebaikan dan nilai tambah dalam karir dan perjalanan hidup ini.</subfield>
    </datafield>
    <datafield tag="856" ind1="#" ind2="#">
      <subfield code="a">https://web-ipustakalan.moco.co.id/book/ec36aee1-7db2-4902-9307-a500b2c5e9ea</subfield>
    </datafield>
    <datafield tag="990" ind1="#" ind2="#">
      <subfield code="a">2024/4/A/0190</subfield>
    </datafield>
    <datafield tag="990" ind1="#" ind2="#">
      <subfield code="a">2024/4/A/0191</subfield>
    </datafield>
  </record>
</collection>
